Statistics for Christmas Songs - Fill in the blank

Click here to take the quiz!

General Stats

  • This quiz has been taken 645 times
  • The average score is 8 of 15

Answer Stats

LyricMissing word% Correct
I'm dreaming of a _____ christmasWhite
98%
Sleigh bells ring, are you ________?Listening
87%
You better watch out you better not _____Cry
83%
I wanna ____ you a Merry Christmas from the bottom of my heartWish
76%
This year to save me from tears I'll give it to someone ______Special
75%
Oh the weather outside is _______Frightful
74%
You know Dasher and Dancer and Prancer and _____Vixen
59%
All is ____, all is brightCalm
58%
It's the ha-happiest ______ of allSeason
51%
Dancing and prancing in jingle bell ______Square
32%
I won't even stay up late to hear those _____ reindeer clickMagic
23%
Those Christmas bells, _______ through the landRinging
21%
I'll wait up for you ____ Santa BabyDear
20%
And in our world of ______, we can spread a smile of joyPlenty
18%
What a _____ it would have been if Daddy had only seenLaugh
14%

Score Distribution

Percentile by Number Answered

Percent of People with Each Score

Your Score History

You have not taken this quiz